000 00353nam a2200145Ia 4500
008 191201s2005 xx 000 0 und d
082 _a677.21
_bBAO
100 _aBARKER, A F
245 0 _aOrnamentation and Textile Design
250 _a1st
260 _aN.Delhi
_bAbhishek Publications
_c2005
300 _a-
650 _aB.Tech(TE)
942 _2ddc
_cBK
999 _c2318
_d2318